000 00694nam a2200229 a 4500
005 20140310183352.0
008 120911s19uu xx 00 eng d
020 _a9789381460525
050 _aTX 911.3.M27
_b.C552 2012
100 _aChoudhary, Vikash
245 _aSustainability in hospitality /
_cVikash Choudhary, Vikash.
250 _a1st ed,
260 _aNew Delhi, India :
_bCentrum Press,
_c2012.
300 _a256 p. :
_c22 cm.
500 _aIncludes index
521 _aTOU
650 _aSocial responsibility of business
650 _aHospitality industry
_xEnvironmental aspects
650 _aHospitality industry
_xManagement
942 _cBK
_2lcc
_kFOR
999 _c22111
_d22111